00340nam a22001217a 4500020001500000082001500015100002800030245004300058260004000101300002800141700002300169700002600192 a1597490199 222a005.43 aMuller, Al ...[et al.]. aVisualization with VMware Esx server / aUSA,bSybgress Publishing ,cc2005. axxiii, 463 p. ;bill. ; aSeburn, Mappe Don, aand Humphrey, Gary J.